| 000 | 00803cam a22002413a 4500 | ||
|---|---|---|---|
| 001 | 18556 | ||
| 003 | PGUSA | ||
| 005 | 20140828083408.0 | ||
| 008 | 060611s2006||||xxu|||||s|||||000 | eng d | ||
| 040 |
_aPGUSA _beng |
||
| 042 | _adc | ||
| 050 | 4 | _aQE | |
| 100 | 1 |
_aSaderra Masó, Miguel, _d-1939 |
|
| 245 | 1 | 0 |
_aCatalogue of Violent and Destructive Earthquakes in the Philippines : _bWith an Appendix: Earthquakes in the Marianas Islands 1599-1909 _h[electronic resource] / _cMiguel Saderra Masó |
| 260 |
_bProject Gutenberg, _c2006 |
||
| 506 | _aPublic domain in the USA. | ||
| 516 | _aElectronic text | ||
| 653 | _aEarthquakes -- Mariana Islands | ||
| 653 | _aEarthquakes -- Philippines | ||
| 830 | 0 |
_aProject Gutenberg _v18556 |
|
| 856 | 4 | 0 | _uhttp://www.gutenberg.org/ebooks/18556 |
| 942 | _cEB | ||
| 999 |
_c247811 _d247811 |
||